000 00923nam a2200265 i 4500
001 103245
003 ES-MaACL
005 20250511130025.0
007 t|
008 060207s1991 sp ||||1| spa d
020 _a84-307-8454-3
080 _a821.134.2 Rojas, Fernando de 7 Celestina.07
100 1 _aSánchez Sánchez-Serrano, Antonio.
_9102924
245 1 0 _aFernando de Rojas y la Celestina /
_cAntonio Sánchez Sánchez-Serrano, Mª Remedios Prieto de la Iglesia.
250 _a1ª ed.
260 _aBarcelona :
_bTeide,
_c1991.
300 _aVI, 170 p. :
_bil. ;
_c22 cm.
490 1 _aEl escritor y su literatura
504 _aBibliografía: p. 150-167.
600 1 4 _aRojas, Fernando de,
_dca. 1470-1541.
_tLa Celestina
_999043
700 1 _aPrieto de la Iglesia, María Remedios.
_993923
830 1 _aEl escritor y su literatura
_9178244
852 _aES-MaACL
_jL-19914
999 _c103245
_d103245